000 00379nam a2200145Ia 4500
008 230711s9999||||xx |||||||||||||| ||und||
041 _aENG
082 _a624
_bCA-M
100 _aCadd Center Traning Prt
245 0 _aProject workbook mechanical
250 _a1st Ed.
260 _c2002
_aNew delhi
_bCadd Center Traning Pvt Ltd
650 _aMechanical Engineering
942 _cBK
999 _c4042
_d4042